Movies By Actor/ Actress - Statistics

General Stats
  • This quiz has been taken 252 times
  • The average score is 9 of 12
Answer Stats
Movies Actor % Correct
Top Gun, Mission Impossible, Edge of Tomorrow Tom Cruise
99%
Saving Private Ryan, Forrest Gump, Philadelphia Tom Hanks
97%
The Wolf Of Wall Street, Titanic, Inception, Gangs of New York Leonardo Dicaprio
96%
The Bourne Supremacy, The Rainmaker, Good Will Hunting Matt Damon
89%
Rocky, The Expendables, Rambo Sylvester Stallone
87%
Les Miserables, The Dark Knight Rises, The Devil Wears Prada Anne Hathaway
79%
Bad Teacher, Sex Tape, My sisters Keeper Cameron Diaz
77%
American Sniper, Silver Linings Playbook, The Hours Bradley Cooper
71%
Casino Royale, Layer Cake, Defiance Daniel Craig
71%
Ted, Shooter, Lone Survivor, Boogie Nights Mark Wahlberg
68%
Bruce Almighty, Invictus, Along Came A Spider Morgan Freeman
63%
Vicky Christina Barcelona, No Country For Old Men Javier Bardem
50%
No matching quizzes found
Score Distribution
Percent of People with Each Score
Percentile by Number Answered
Your Score History
You have not taken this quiz